[Event "Negombo op 2nd"]
[Site "Negombo"]
[Date "2016.08.14"]
[Round "4"]
[White "Askey, Raveen Nimesh"]
[Black "Devindi, H Tharushi Amasha"]
[Result "1-0"]
[WhiteElo "1540"]
[BlackElo "1134"]
[PlyCount "71"]
[EventDate "2016.08.13"]
[EventType "swiss"]
[EventRounds "9"]
[EventCountry "SRI"]
[SourceTitle "EXT 2019"]
[Source "ChessBase"]
[SourceDate "2018.10.10"]
[SourceVersion "1"]
[SourceVersionDate "2018.10.10"]
[SourceQuality "1"]

1. e4 d5 2. exd5 Qxd5 3. Nc3 Qa5 4. Nf3 Bf5 5. Bc4 e6 6. d4 c6 7. 0-0 Bb4 8. Bd2 Qc7 9. Nb5 Qb6 10. Bxb4 cxb5 11. Bd3 Bg4 12. Bc3 Nf6 13. Qe2 Nc6 14. h3 Bxf3 15. Qxf3 b4 16. Bd2 Nxd4 17. Qg3 g6 18. Be3 Qc5 19. Qh4 g5 20. Qxd4 Qxd4 21. Bxd4 Ke7 22. f4 Rad8 23. Be5 Rhg8 24. Bxf6+ Kxf6 25. fxg5+ Kxg5 26. Rxf7 Kh6 27. Rxh7+ Kg5 28. Rf1 Rdf8 29. h4+ Kg4 30. Be2+ Kg3 31. Rxf8 Rxf8 32. h5 Rf4 33. Rg7+ Kh4 34. h6 Re4 35. h7 Rxe2 36. h8Q# 1-0